| 000 | 00391cam a2200169 4500 | ||
|---|---|---|---|
| 001 | D13765 | ||
| 008 | 090401t1949 xxu||||| |||| 00| 0 eng d | ||
| 035 | _a(Sirsi) u11502 | ||
| 041 | _aeng | ||
| 100 | _aRose, J.J. | ||
| 245 | _aLeasehold valuation tables | ||
| 260 |
_aLondon _bThe Technical Press Ltd _c1949 |
||
| 350 | _a0 | ||
| 520 | _aShelf 134 | ||
| 942 | _n0 | ||
| 948 | _c04/03/1997 | ||
| 999 |
_c86874 _d86874 |
||